[Event "Heusenstamm Sparkassen op-B 9th"]
[Site "Heusenstamm"]
[Date "2023.11.23"]
[Round "1"]
[White "Stecay, Anja Christina"]
[Black "Plotnikow, Jewgeni"]
[Result "0-1"]
[WhiteElo "1182"]
[BlackElo "1507"]
[PlyCount "86"]
[EventDate "2023.11.23"]
[EventType "swiss"]
[EventRounds "7"]
[EventCountry "GER"]
[SourceTitle "EXT 2025"]
[Source "ChessBase"]
[SourceDate "2024.10.14"]
[SourceVersion "1"]
[SourceVersionDate "2024.10.14"]
[SourceQuality "1"]

1. e4 d5 2. exd5 Nf6 3. Nf3 Nxd5 4. d4 Bg4 5. h3 Bh5 6. g4 Bg6 7. Bd3 e6 8. Bd2 Bxd3 9. cxd3 Nc6 10. Nc3 Ndb4 11. Be3 g6 12. Qe2 Bg7 13. 0-0-0 Nxd4 14. Nxd4 Bxd4 15. Bxd4 Qxd4 16. Kb1 c6 17. Qe3 0-0-0 18. Rhe1 Rd7 19. Qxd4 Rxd4 20. Re3 Rhd8 21. g5 Rxd3 22. Rdxd3 Rxd3 23. Rxd3 Nxd3 24. f3 Nf4 25. h4 Ng2 26. Ne4 Nxh4 27. Nf6 Nxf3 28. Nxh7 Kd8 29. Kc2 Ke7 30. Kd3 Kd6 31. Ke4 Nd2+ 32. Kd3 Nf3 33. Ke4 Ne5 34. Nf6 Nd7 35. Ng4 b5 36. Ne3 f5+ 37. Kd4 c5+ 38. Kd3 Ke5 39. Ng2 c4+ 40. Ke3 b4 41. Nf4 Nf8 42. Ne2 Nh7 43. Nd4 f4+ 0-1